000 00400nam a2200205Ia 4500
003 IT-RoPAU
008 120407s9999 xx 000 0 und d
040 _aIT-RoPAU
040 _cIT-RoPAU
041 _aita
100 _aAngelo Gatti
245 _aLa terra.
250 _aMilano
260 _aMondadori
260 _c1943
300 _c cm
490 _v1
942 _cBK
999 _c14201
_d14201